000 00685cab a2200265 4500
001 WB3202-60
008 090401t1996 xxu||||| |||| 00| 0 eng d
035 _a(Sirsi) u62656
041 _aeng
245 _aRevitalisation of South London
260 _c1996
300 _aLOAN
350 _a0
490 _aFinancial Times
_vFT Survey 8 January 1996, (4)
520 _aA general survey on south London, including transport, regeneration and tourism.
650 _aGREENWICH
650 _aLAMBETH
650 _aLEWISHAM
650 _aLONDON BOROUGHS
650 _aSOUTH LONDON
650 _aSOUTHWARK
690 _aURBAN RENEWAL
942 _n0
948 _c04/03/1997
999 _c38905
_d38905